000 00489nam a2200169Ia 4500
999 _c20483
_d20483
003 OSt
005 20200707142953.0
008 190216s9999||||xx |||||||||||||| ||und||
040 _coclc
082 _a951.04
_bSIN/H
100 _aSingh, Akshay Kumar
_93612
245 0 _aA History Of China In Modern Times /
_cAkshay Kumar Singh
250 _a1st Ed.
260 _bSurjeet Pub,
_c1984.
_aDelhi:
300 _a150p
942 _cBK
_2ddc
_h951.04
_iSIN/H
_k951.04
_mSIN/H